[Event "Muensterland Verbandsklasse-A 0910"]
[Site "Germany"]
[Date "2010.01.30"]
[Round "6.5"]
[White "Voss, Albert"]
[Black "Jonas, Robert"]
[Result "1/2-1/2"]
[WhiteElo "1768"]
[BlackElo "1730"]
[PlyCount "136"]
[EventDate "2009.09.19"]
[EventType "team-tourn"]
[EventRounds "9"]
[EventCountry "GER"]
[SourceTitle "EXT 2011"]
[Source "ChessBase"]
[SourceDate "2010.11.26"]
[SourceVersion "1"]
[SourceVersionDate "2010.11.26"]
[SourceQuality "1"]
[WhiteTeam "Duelmen"]
[BlackTeam "Ibbenbueren"]
[WhiteTeamCountry "GER"]
[BlackTeamCountry "GER"]

1. e4 e5 2. Bc4 Nf6 3. d3 Nc6 4. Nc3 Be7 5. Nf3 d6 6. h3 0-0 7. 0-0 Na5 8. Qe2 Nxc4 9. dxc4 b6 10. b3 h6 11. Bb2 c6 12. Rad1 Qc7 13. Nh2 g6 14. Ng4 Nxg4 15. hxg4 Qd7 16. f3 Bh4 17. Qd3 Rd8 18. Ne2 Qe7 19. g3 Bf6 20. Ba3 c5 21. Nc3 Bg7 22. Bc1 Be6 23. Nd5 Qb7 24. Kg2 g5 25. Ne3 f6 26. Nf5 Bxf5 27. gxf5 Kf7 28. Qd5+ Qxd5 29. Rxd5 Rd7 30. Rfd1 Rad8 31. Be3 Bf8 32. a4 a5 33. Rh1 Bg7 34. f4 exf4 35. gxf4 Re8 36. e5 fxe5 37. fxg5 hxg5 38. Bxg5 Rh8 39. Rxh8 Bxh8 40. Kf3 Bf6 41. Bxf6 Kxf6 42. Ke4 Rd8 43. Rd2 Ke7 44. Rh2 Rf8 45. Rh5 Rf6 46. Kd5 Rf8 47. Kc6 Kf6 48. Kxb6 e4 49. Kxa5 Ke5 50. Kb6 Rxf5 51. Rh2 e3 52. Re2 Ke4 53. a5 Rf2 54. Re1 Rxc2 55. a6 Ra2 56. a7 Kd3 57. Rd1+ Kc2 58. Rxd6 Kxb3 59. Rd3+ Kxc4 60. Rxe3 Kd4 61. Rb3 c4 62. Rb5 Rxa7 63. Kxa7 c3 64. Kb6 Kd3 65. Rd5+ Ke2 66. Kb5 c2 67. Rc5 Kd2 68. Rd5+ Ke2 1/2-1/2

[Event "Muensterland Verbandsklasse-A 0910"]
[Site "Germany"]
[Date "2010.01.09"]
[Round "5.5"]
[White "Ollech, Dirk"]
[Black "Voss, Albert"]
[Result "1/2-1/2"]
[WhiteElo "1871"]
[BlackElo "1768"]
[PlyCount "28"]
[EventDate "2009.09.19"]
[EventType "team-tourn"]
[EventRounds "9"]
[EventCountry "GER"]
[SourceTitle "EXT 2011"]
[Source "ChessBase"]
[SourceDate "2010.11.26"]
[SourceVersion "1"]
[SourceVersionDate "2010.11.26"]
[SourceQuality "1"]
[WhiteTeam "Muenster Indische Dame"]
[BlackTeam "Duelmen"]
[WhiteTeamCountry "GER"]
[BlackTeamCountry "GER"]

1. e4 e5 2. Nf3 Nc6 3. Bb5 Bc5 4. 0-0 Qf6 5. Nc3 Nge7 6. d3 a6 7. Bc4 d6 8. Be3 Bxe3 9. fxe3 0-0 10. d4 Qh6 11. Qe2 Bg4 12. Rad1 Rad8 13. Qf2 exd4 14. exd4 Qf4 1/2-1/2

[Event "Muensterland Verbandsklasse-B 0708"]
[Site "Germany"]
[Date "2008.02.16"]
[Round "6.5"]
[White "Voss, Albert"]
[Black "Wichmann, Norbert"]
[Result "1-0"]
[WhiteElo "1786"]
[BlackElo "1781"]
[PlyCount "69"]
[EventDate "2007.09.15"]
[EventType "team"]
[EventRounds "9"]
[EventCountry "GER"]
[SourceTitle "EXT 2009"]
[Source "ChessBase"]
[SourceDate "2008.11.26"]
[SourceVersion "1"]
[SourceVersionDate "2008.11.26"]
[SourceQuality "1"]
[WhiteTeam "Duelmen"]
[BlackTeam "Muenster Indische Dame"]
[WhiteTeamCountry "GER"]
[BlackTeamCountry "GER"]

1. e4 c5 2. Nf3 d6 3. d4 cxd4 4. Nxd4 Nf6 5. Nc3 e6 6. Be2 Be7 7. 0-0 0-0 8. Be3 Nbd7 9. Qd2 a6 10. f3 Qc7 11. Bd3 Ne5 12. Qe2 Bd7 13. Nd1 Rac8 14. Rc1 d5 15. Nf2 Nc4 16. Bxc4 dxc4 17. c3 Bd6 18. h3 Nh5 19. Nh1 Bh2+ 20. Kf2 Ng3 21. Qd2 Nxf1 22. Rxf1 Be5 23. Kg1 Bxd4 24. Bxd4 e5 25. Be3 Be6 26. Qf2 Qe7 27. Qe2 f5 28. exf5 Bxf5 29. Nf2 Rfd8 30. Re1 Qh4 31. Bb6 Rd5 32. Ng4 Bxg4 33. fxg4 Rc6 34. Bf2 b5 35. Bxh4 1-0

[Event "Muenster Bezirksliga 0607"]
[Site "Germany"]
[Date "2006.12.16"]
[Round "4.35"]
[White "Voss, Norbert"]
[Black "Voss, Albert"]
[Result "1/2-1/2"]
[WhiteElo "1822"]
[BlackElo "1829"]
[PlyCount "26"]
[EventDate "2006.09.16"]
[EventType "team"]
[EventRounds "9"]
[EventCountry "GER"]
[SourceTitle "EXT 2008"]
[Source "ChessBase"]
[SourceDate "2007.11.25"]
[SourceVersion "1"]
[SourceVersionDate "2007.11.25"]
[SourceQuality "1"]
[WhiteTeam "Muenster SK V"]
[BlackTeam "Senden"]
[WhiteTeamCountry "GER"]
[BlackTeamCountry "GER"]

1. e4 e5 2. Nc3 Nf6 3. g3 Bc5 4. Bg2 0-0 5. Nge2 Nc6 6. 0-0 d6 7. d3 Bd7 8. h3 h6 9. Kh2 Nh7 10. f4 f5 11. Nd5 fxe4 12. dxe4 Rb8 13. c3 Ne7 1/2-1/2

[Event "Muenster Bezirksliga 0506"]
[Site "Muenster"]
[Date "2006.01.14"]
[Round "5.3"]
[White "Miemietz, Carsten"]
[Black "Voss, Albert"]
[Result "1/2-1/2"]
[WhiteElo "1754"]
[BlackElo "1829"]
[PlyCount "172"]
[EventDate "2005.09.10"]
[EventType "team"]
[EventRounds "9"]
[EventCountry "GER"]
[SourceTitle "EXT 2007"]
[Source "ChessBase"]
[SourceDate "2006.11.23"]
[SourceVersion "1"]
[SourceVersionDate "2006.11.23"]
[SourceQuality "1"]
[WhiteTeam "Muenster V"]
[BlackTeam "Senden"]
[WhiteTeamCountry "GER"]
[BlackTeamCountry "GER"]

1. c4 e6 2. Nc3 d5 3. d4 Nf6 4. e3 Be7 5. Nf3 c6 6. Bd3 Nbd7 7. 0-0 0-0 8. b3 Ne8 9. Bb2 f5 10. cxd5 cxd5 11. Ne5 Nef6 12. Ne2 Ne4 13. Rc1 Nxe5 14. dxe5 Bd7 15. f4 Nc5 16. Nd4 Nxd3 17. Qxd3 Qb6 18. Rc2 Rac8 19. Rfc1 a6 20. a3 Rxc2 21. Rxc2 Rc8 22. Rxc8+ Bxc8 23. Qc2 Bd7 24. Kf2 Qc5 25. Qxc5 Bxc5 26. b4 Be7 27. Ke2 Kf7 28. Bc3 g5 29. g3 g4 30. Kd3 h5 31. Be1 Ke8 32. Kc3 Kd8 33. Kb3 b5 34. Kb2 Ke8 35. Nb3 Bd8 36. Bc3 Kf7 37. Kc2 Kg6 38. Kd3 h4 39. Nd2 h3 40. Bd4 Kf7 41. Bc5 Ke8 42. Kd4 Bc6 43. Nf1 Kd7 44. Ba7 Bb7 45. Bc5 Kc6 46. Bf8 a5 47. Bc5 Ba6 48. Nd2 Bc8 49. bxa5 Bxa5 50. Bb4 Bb6+ 51. Kd3 d4 52. exd4 Bb7 53. Nb3 Kd5 54. Ba5 Ba7 55. Bc7 Ba6 56. Bd6 b4+ 57. Ke3 Bc4 58. Bc5 Bb8 59. axb4 Bxb3 60. b5 Bc4 61. b6 Ba6 62. Be7 Bb7 63. Ba3 Kc6 64. Bc5 Ba6 65. Kd2 Kd5 66. Ke3 Bb7 67. Ba3 Ba6 68. Be7 Bb7 69. Ba3 Kc6 70. Bc5 Kd5 71. Be7 Bc6 72. Bc5 Ba8 73. Ba3 Kc6 74. Bc5 Bb7 75. Kd2 Kd5 76. Ke3 Ba6 77. Ba3 Bc8 78. Be7 Ba6 79. Ba3 Kc6 80. Bc5 Bb7 81. Kd2 Kd5 82. Ke3 Ba6 83. Bf8 Bb7 84. Bb4 Ba6 85. Bc5 Bb7 86. Ba3 Ba6 1/2-1/2

[Event "Muensterland Verbandsklasse-B 0405"]
[Site "Muensterland"]
[Date "2005.01.22"]
[Round "5.2"]
[White "Voss, Albert"]
[Black "Bienhuels, Franz Josef"]
[Result "0-1"]
[WhiteElo "1812"]
[BlackElo "1972"]
[PlyCount "128"]
[EventDate "2004.09.11"]
[EventType "team"]
[EventRounds "9"]
[EventCountry "GER"]
[SourceTitle "EXT 2006"]
[Source "ChessBase"]
[SourceDate "2005.11.24"]
[SourceVersion "1"]
[SourceVersionDate "2005.11.24"]
[SourceQuality "1"]
[WhiteTeam "Luedinghausen"]
[BlackTeam "Duelmen"]
[WhiteTeamCountry "GER"]
[BlackTeamCountry "GER"]

1. e4 c5 2. Bb5 a6 3. Be2 Nc6 4. c3 Nf6 5. Bf3 Qa5 6. d3 g6 7. Nd2 d6 8. h4 Ne5 9. Be2 Bg7 10. Nf1 h5 11. Ne3 0-0 12. Bd2 Qd8 13. f3 d5 14. d4 cxd4 15. cxd4 Nc6 16. e5 Nd7 17. Bc3 Ndxe5 18. Qb3 Bh6 19. Nxd5 Be6 20. dxe5 Bxd5 21. Bc4 Na5 22. Bxa5 Qxa5+ 23. Kf1 Bxc4+ 24. Qxc4 Qxe5 25. Qe2 Qc5 26. Nh3 Rad8 27. Rd1 Be3 28. Re1 Bd4 29. b3 e5 30. Ng5 b5 31. g3 Qb6 32. Rh2 Bc3 33. Rd1 Rxd1+ 34. Qxd1 Rd8 35. Qc2 b4 36. Re2 Qd4 37. Ne4 Rc8 38. Kg2 Kg7 39. Ng5 Rc6 40. Ne4 a5 41. Nf2 f5 42. Qd3 Qxd3 43. Nxd3 Kf6 44. Nf2 Rd6 45. Rc2 g5 46. hxg5+ Kxg5 47. Kf1 Rd4 48. Ke2 h4 49. gxh4+ Rxh4 50. Nd3 Rh2+ 51. Kd1 Rh1+ 52. Ke2 e4 53. fxe4 fxe4 54. Nc5 Kf4 55. Ne6+ Ke5 56. Nc5 Rh2+ 57. Kd1 Rxc2 58. Kxc2 Kd4 59. Ne6+ Ke3 60. Kd1 Be5 61. Nc5 Kf3 62. Kc2 e3 63. Nd3 Bc3 64. Ne5+ Bxe5 0-1

[Event "Muensterland Verbandsklasse-B 0304"]
[Site "Germany"]
[Date "2004.02.14"]
[Round "6.4"]
[White "Voss, Albert"]
[Black "Funke, Theo"]
[Result "0-1"]
[WhiteElo "1784"]
[BlackElo "1967"]
[PlyCount "30"]
[EventDate "2003.09.20"]
[EventType "team"]
[EventRounds "9"]
[EventCountry "GER"]
[SourceTitle "EXT 2005"]
[Source "ChessBase"]
[SourceDate "2004.11.15"]
[SourceVersion "1"]
[SourceVersionDate "2004.11.15"]
[SourceQuality "1"]
[WhiteTeam "Luedinghausen"]
[BlackTeam "Suedlohn II"]
[WhiteTeamCountry "GER"]
[BlackTeamCountry "GER"]

1. e4 c5 2. Nf3 d6 3. d4 cxd4 4. Nxd4 Nf6 5. Nc3 a6 6. Be2 e5 7. Nb3 Be6 8. 0-0 Be7 9. Be3 Nbd7 10. f3 Nb6 11. Na5 Qc7 12. Qd2 d5 13. exd5 Nbxd5 14. Nxd5 Nxd5 15. Nc4 b5 0-1

[Event "Muensterland Verbandsklasse-B 0203"]
[Site "Muensterland"]
[Date "2002.11.23"]
[Round "3.4"]
[White "Weber, Hubert"]
[Black "Voss, Albert"]
[Result "1/2-1/2"]
[WhiteElo "1950"]
[BlackElo "1810"]
[PlyCount "101"]
[EventDate "2002.09.28"]
[EventType "team"]
[EventRounds "9"]
[EventCountry "GER"]
[SourceTitle "EXT 2004"]
[Source "ChessBase"]
[SourceDate "2003.11.25"]
[SourceVersion "1"]
[SourceVersionDate "2003.11.25"]
[SourceQuality "1"]
[WhiteTeam "Olfen"]
[BlackTeam "Luedinghausen"]
[WhiteTeamCountry "GER"]
[BlackTeamCountry "GER"]

1. c4 e5 2. Nc3 Nc6 3. g3 Nf6 4. Bg2 Bb4 5. Nd5 Be7 6. d3 Nxd5 7. cxd5 Bb4+ 8. Bd2 Bxd2+ 9. Qxd2 Nb8 10. Nf3 d6 11. Rc1 c5 12. dxc6 Nxc6 13. 0-0 0-0 14. b3 Bd7 15. Qb2 Qb6 16. Rfd1 Bg4 17. e3 Rac8 18. Rd2 Nb4 19. Rc4 Be6 20. Rxc8 Rxc8 21. Ng5 Qc7 22. Nxe6 fxe6 23. d4 Qc1+ 24. Qxc1 Rxc1+ 25. Bf1 e4 26. Kg2 d5 27. Be2 Rc2 28. Rxc2 Nxc2 29. Bd1 Nb4 30. a3 Nc6 31. b4 Kf7 32. f3 exf3+ 33. Kxf3 b6 34. Ba4 Nd8 35. e4 dxe4+ 36. Kxe4 Ke7 37. Bc2 h6 38. Ba4 Kd6 39. Ke3 Nf7 40. Be8 Ng5 41. h4 Nh7 42. Ba4 Nf6 43. Bd1 Nd5+ 44. Kd3 Ke7 45. Bf3 Nc7 46. Kc4 Kd6 47. a4 Ne8 48. Kb5 Nc7+ 49. Kc4 Ne8 50. Kb5 Nc7+ 51. Kc4 1/2-1/2